000 00610nam a2200253Ia 4500
005 20260121155332.0
008 008 260114s9999 xx 000 0 eng d
020 _a9781003027591
037 _aEBOOK
040 _aCRL
040 _beng
040 _cCRL
041 _2eng
041 _aeng
084 _qCRL
100 _a Fu Jin
_91018260
245 2 _aA History of Chinese Theatre in the 20th Century I
260 _bTaylor and Francis
260 _c2020
856 _uhttp://www.taylorfrancis.com/books/9781003027591
942 _cEBOOK
999 _c1585079
_d1585079